| 000 | 00404nam a22001697a 4500 | ||
|---|---|---|---|
| 005 | 20160630114552.0 | ||
| 008 | 160630b xxu||||| |||| 00| 0 eng d | ||
| 020 | _a978-93-80027-59-3 | ||
| 041 | _aeng | ||
| 082 | _b13663 | ||
| 100 |
_aKumar, Dr. D.S _93200 |
||
| 245 | _aBasic of Mechnical Engineering | ||
| 260 |
_bKatson _c2012 |
||
| 300 | _a451 | ||
| 650 |
_aDiploma Engineering _9817 |
||
| 942 | _cBK | ||
| 999 |
_c4901 _d4899 |
||